Guess the Year these Movies were Made - Statistics

General Stats
  • This quiz has been taken 32 times
  • The average score is 9 of 10
Answer Stats
Hint Answer % Correct
Toy Story 3 2010
100%
Shrek Forever After 2010
100%
Kung Fu Panda 2008
97%
Ice Age: The Meltdown 2006
94%
Frozen 2013
94%
The Angry Birds Movie 2016
94%
Sonic the Hedgehog 2020
94%
How to Train your Dragon 2 2014
91%
Despicable Me 3 2017
91%
Jungle Book (original) 1967
75%
No matching quizzes found
Score Distribution
Percent of People with Each Score
Percentile by Number Answered
Your Score History
You have not taken this quiz